Statystyki dla Rozpoznaj polskiego aktora po filmie z nim

Kliknij tutaj aby rozwiązać quiz!

Ogólne statystyki

  • Ten quiz został rozwiązany 198 razy
  • Średni wynik to 29 z 97

Statystyki odpowiedzi

FilmRokAktor% Poprawnych
Nic śmiesznego1995Cezary Pazura
93%
Bogowie2014Tomasz Kot
90%
Ojciec Mateusz2008Artur Żmijewski
79%
Psy1992Bogusław Linda
78%
Wodzirej1977Jerzy Stuhr
74%
Belfer2016Maciej Stuhr
74%
Dzień Świra2002Marek Kondrat
72%
Potop1974Daniel Olbrychski
71%
39 i pół2008Tomasz Karolak
70%
Ranczo2006Paweł Królikowski
68%
Bad Boy2020Antoni Królikowski
66%
Przesłuchanie1982Janusz Gajos
59%
Vinci2004Borys Szyc
58%
Pręgi2004Michał Żebrowski
57%
13 posterunek1997Marek Perepeczko
56%
Pod Mocnym Aniołem2014Robert Więckiewicz
54%
Miś1980Stanisław Tym
53%
Róża2011Marcin Dorociński
49%
Czterej pancerni i pies1966Franciszek Pieczka
48%
Brunet wieczorową porą1976Krzysztof Kowalewski
46%
Poszukiwany,poszukiwana1972Wojciech Pokora
44%
Chce się żyć2013Dawid Ogrodnik
43%
Najlepszy2017Jakub Gierszał
43%
Krótki film o miłości1988Olaf Lubaszenko
42%
Janosik1973Witold Pyrkosz
42%
Biały1994Zbigniew Zamachowski
41%
Poranek kojota2001Edward Linde-Lubaszenko
39%
Kiler1997Janusz Rewiński
39%
Quo Vadis2001Paweł Deląg
39%
Drogówka2013Bartłomiej Topa
38%
Niania2005Adam Ferency
36%
Vabank1981Jan Machulski
36%
Wielki Szu1982Jan Nowicki
36%
Sami swoi1967Wacław Kowalski
35%
Dług1999Andrzej Chyra
34%
Stawka większa niż życie1967Stanisław Mikulski
34%
Jak rozpętałem drugą wojnę światową1969Marian Kociniak
33%
Kochaj albo rzuć1977Władysław Hańcza
32%
Konsul1989Piotr Fronczewski
31%
7 uczuć2018Michał Koterski
30%
Skrzydlate świnie2010Paweł Małaszyński
30%
Wesele2004Marian Dziędziel
29%
Seksmisja1983Olgierd Łukaszewicz
29%
Nóż w wodzie1961Leon Niemczyk
28%
PitBull. Nowe Porządki2016Piotr Stramowski
28%
Popiół i diament1958Zbigniew Cybulski
28%
Underdog2019Eryk Lubos
27%
Znachor1981Jerzy Bińczycki
27%
Chłopaki nie płaczą2000Mirosław Zbrojewicz
26%
Akcja pod Arsenałem1977Jan Englert
25%
BrzydUla2008Jacek Braciak
24%
Pokot2017Wiktor Zborowski
24%
Ślepnąc od świateł2018Jan Frycz
23%
Zaklęte rewiry1975Roman Wilhelmi
23%
Pan Wołodyjowski1969Tadeusz Łomnicki
23%
Nie lubię poniedziałku1971Bohdan Łazuka
22%
Edi2002Henryk Gołębiewski
22%
Służby specjalne2014Janusz Chabior
20%
Człowiek z żelaza1981Marian Opania
20%
Big Love2012Antoni Pawlicki
19%
Lincz2010Leszek Lichota
19%
Sala Samobójców. Hejter2020Maciej Musiałowski
19%
Krótki film o zabijaniu1987Mirosław Baka
19%
Piętro wyżej1937Eugeniusz Bodo
18%
Korczak1990Wojciech Pszoniak
18%
Boże Ciało2019Bartosz Bielenia
17%
Daleko od szosy1976Krzysztof Stroiński
17%
Wymyk2011Łukasz Simlat
17%
Zakochany anioł2005Krzysztof Globisz
16%
Bez znieczulenia1978Zbigniew Zapasiewicz
16%
Zezowate szczęście1960Bogumił Kobiela
15%
Człowiek z marmuru1976Jerzy Radziwiłowicz
15%
Jesteś Bogiem2012Marcin Kowalczyk
15%
Pętla1957Gustaw Holoubek
13%
Ziarno Prawdy2015Krzysztof Pieczyński
12%
(Nie)znajomi2019Michał Żurawski
12%
Wataha2014Andrzej Zieliński
11%
80 milionów2011Piotr Głowacki
10%
Paweł i Gaweł1938Adolf Dymsza
9%
Prymas2000Jerzy Trela
9%
Twarz2017Mateusz Kościukiewicz
9%
Chrzest2010Tomasz Schuchardt
9%
Kanał1956Emil Karewicz
8%
Dziewczyna z szafy2012Wojciech Mecwaldowski
8%
Kruk. Szepty słychać po zmroku2018Marcin Bosak
6%
Barwy ochronne1975Piotr Garlicki
6%
Hydrozagadka1970Roman Kłosowski
6%
Pieniądze to nie wszystko2001Tomasz Sapryk
6%
Samowolka1993Mariusz Jakus
5%
Odwróceni2007Szymon Bobrowski
5%
Pornografia2003Krzysztof Majchrzak
4%
Pokolenie1954Tadeusz Janczar
4%
Ogniem i miczem1999Maciej Kozłowski
3%
Słodko gorzki1996Rafał Mohr
3%
Sama Samobójców2011Bartosz Gelner
2%
Constans1980Tadeusz Bradecki
2%
Żywot Mateusza1967Wirgiliusz Gryń
1%

Rozkład punktacji

Percentyl według liczby udzielonych odpowiedzi

Procent ludzi z każdym wynikiem

Twoja historia wyników

Nie rozwiązałeś tego quizu